[Event "RUS-ch 66th"]
[Site "Nizhnij Novgorod"]
[Date "2013.10.13"]
[Round "8"]
[White "Kramnik, Vladimir"]
[Black "Karjakin, Sergey"]
[Result "1/2-1/2"]
[WhiteElo "2796"]
[BlackElo "2762"]
[Annotator "Friedel,J"]
[PlyCount "95"]
[EventDate "2013.10.05"]
[EventType "tourn"]
[EventRounds "9"]
[EventCountry "RUS"]
[EventCategory "18"]
[SourceTitle "CBM 157"]
[Source "ChessBase"]
[SourceDate "2013.11.12"]
[SourceVersion "1"]
[SourceVersionDate "2013.11.12"]
[SourceQuality "1"]

1. d4 Nf6 2. c4 e6 3. g3 d5 4. Bg2 Be7 5. Nf3 O-O 6. Nc3 $5 {Kramnik likes to
surprise people early in the openings these days. This move is highly
inflexible compared to the main move 0-0, but it has a few points of its own.}
(6. O-O dxc4 7. Qc2 {has been played in countless games, with the idea of
simply recapturing on c4.}) 6... Nbd7 {Black doesn't try to punish White's
move order.} (6... dxc4 {is the main test, and now play continues} 7. Ne5 {
This move is the consistent path after 6.Nc3.} c5 {This is the way Black tries
to take advantage of White not having castled.} (7... Nc6 {The purpose of 6.
Nc3 is revealed in the following variation:} 8. Bxc6 bxc6 9. Nxc6 Qe8 10. Nxe7+
Qxe7 11. Qa4 e5 {This move, which pretty much guarantees equality in the line
with 0-0 instead of Nc3, now simply gives White an advantage.} (11... c5 {
is to be recommended, transposing to more or less normal lines}) 12. Qxc4 exd4
13. Qxd4 {and Black doesn't have enough compensation for the pawn. Note how if
White had castled instead of playing Nc3, Black could take on e2 here.}) 8.
dxc5 Qxd1+ 9. Nxd1 Bxc5 {Typically in such endings, if White can complete
development in a normal fashion, that player will secure an advantage due to
his superior bishop on g2. The problem, however, is that coordinating White's
forces is not so easy. In the following recent game, Black neutralized White's
play quite easily.} 10. Ne3 Nbd7 11. N5xc4 Rb8 12. Na5 Ne5 13. Nec4 Bb4+ 14.
Bd2 Bxd2+ 15. Kxd2 Rd8+ 16. Kc3 Nxc4 17. Kxc4 b6 18. Nc6 Bb7 19. Kb3 Bxc6 20.
Bxc6 Ng4 21. f3 Ne3 22. Be4 Nf5 23. Bxf5 exf5 24. Rad1 Re8 25. Rhe1 g6 26. e4
fxe4 27. Rxe4 Rxe4 28. fxe4 Rb7 29. Rd4 Kf8 30. a4 Ke7 31. Kc3 h5 32. b4 Ke6
33. Kd3 a5 34. Ke3 f6 35. h4 Ra7 36. Kf4 Ra8 37. Rc4 axb4 38. Rxb4 Ra6 39. Rd4
Ra5 40. Rb4 Ra6 41. Rd4 Ra5 42. Rb4 {1/2-1/2 (42) Grischuk,A (2785)-Nakamura,H
(2772) Elancourt FRA 2013}) 7. b3 $1 {This move limits Black's possibilities
with regards to dxc4.} (7. O-O dxc4 8. e4 {is a risky but perfectly playable
alternative, simply sacrificing the c4-pawn for the usual Catalan central
pressure.}) 7... c6 8. O-O b6 {And now we've transposed to a closed Catalan!
I'd say this is a somewhat favorable version for White, however, since Black
hasn't forced White's bishop to d2 and thus has more options on how to force
play in the center.} 9. Bb2 Ba6 (9... Bb7 {is the main alternative.}) 10. Nd2 {
This is a common idea in order to push e4. It tends to be played if Black
can't easily pressure the d4 pawn, as the move's drawback is the fact that
pawns is now undefended.} Rc8 11. e4 dxe4 12. Re1 {A rare move, as people
usually immediately recapture the pawn with one of the two knights.} (12. Ncxe4
{looks like the better of the two captures, though it is likely that Kramnik
would rather not leave his knight on d2.}) (12. Ndxe4 b5 $132 {was probably
what Kramnik strived to avoid.}) 12... c5 {This move is consistent, but it
fails to equalize. On the other hand, I don't think playing slow moves like ...
Bb7 and ...Re8 is any better. Once you take on e4 you are pretty much
committed to playing for c5.} 13. Ndxe4 cxd4 14. Qxd4 {Due to his central
space and the oddly placed bishop on a6, I think White's opening can be
considered a success. An excellent example of how cleverness early in the game
can pay off! Even so, the advantage is not a big one.} Nc5 15. Qe3 Qc7 16. Nxc5
(16. Nb5 {I like this concrete approach.} Bxb5 17. Nxf6+ Bxf6 18. Bxf6 {
Qg5 is a threat, so the bishop must be taken} gxf6 19. cxb5 {and due to
Black's slightly weakened king, the c6 square, and the fact Black's knight on
c5 can be easily harassed, I think White should have a nice edge here.}) 16...
Bxc5 17. Qf3 Rfd8 {Now White's advantage is more difficult to prove.} 18. Ne2
$6 {I don't like this move, as it allows Black's bishop a freeing idea.} (18.
Nb5 Bxb5 19. cxb5 Rd2 {is not to be recommended.}) (18. Rad1 {may not look all
that exciting, but I think it was White's best option to keep up some pressure,
even if minimal.}) 18... Qe7 19. Rad1 Rxd1 20. Rxd1 Rd8 (20... b5 {would have
been more to the point, freeing his bishop immediately.}) 21. Rxd8+ Qxd8 22.
Nd4 {It has been a tense and high quality struggle thus far. Don't let the
innocuous appearance of these positions fool you - they require precision!} h5
$1 {Karjakin correctly assesses that this is the best way to provide
counterplay. He gives his king luft and allows for ...Ng4 ideas.} 23. Qa8 Bc8 {
Once again, best. The self-pin looks rather unusual, but Black will get
counterplay using the powerful bishop on c5.} (23... Qxa8 24. Bxa8 {is what
Kramnik was hoping for, and Black will have to struggle for the draw here.
White's plan is to play Kg2 followed by an eventual Nc6, and if Black takes on
d4 then he will suffer for a long time against the bishops.}) 24. Bf3 {This
move is quite understandable, covering the g4 and d1 squares.} (24. h3 Bxd4 25.
Bxd4 Qxd4 26. Qxc8+ Kh7 {doesn't looks like much.}) 24... Kh7 25. Ne2 {
Otherwise Black was going to snap off the knight.} Ng4 (25... Qd1+ 26. Kg2 Ng4
{was even more precise, preventing the idea White played in the game.}) 26. Bd4
$1 Bxd4 27. Qe4+ f5 28. Qxd4 {Now Black has to be cautious again, as the
c-pawn must be treated with caution and there are potential weaknesses.} Qe7
29. Nf4 $1 {The only real try for an advantage.} e5 30. Nd5 Qd6 31. Qd2 (31.
Qc3 {was a better square for the queen, which now supports the advance of the
c-pawn, and I think White is slightly better.}) 31... g6 32. b4 Kg7 {Accurate
play, planning ...Nf6.} 33. Qc1 Nf6 {It is slightly inaccurate here, however.}
(33... Be6 {first was better, as now c5 can't really be played.} 34. c5 (34. a3
$11) 34... bxc5 35. bxc5 Qc6 {with an annoying pin.}) 34. c5 bxc5 35. bxc5 (35.
Nxf6 {was simpler, and now after} Kxf6 36. bxc5 {White's c-pawn should present
some difficulties, though with accurate play Black should hold of course.})
35... Qc6 36. Qc3 e4 {... and here Nxf6 isn't an option.} 37. Nb4 (37. Nxf6
Qxf6 {and after the queen trade Black will be better due to his superior king.}
) 37... Qe6 38. Be2 a5 39. Nc2 Qxa2 {Now the position is still complicated but
White isn't better. In fact, I think accuracy is required by both sides now.}
40. c6 Qb1+ 41. Kg2 h4 {The c-pawn is a potential hazard, not to mention that
Black's king isn't the happiest camper. The reason why it is drawn is because
White's king can be made to feel uncomfortable as well.} 42. Qc5 f4 43. Qe7+
Kh6 44. Qf8+ {White opts for a perpetual instead of getting checkmated.} Kh7
45. Qf7+ Kh6 46. Qf8+ Kh7 47. Qf7+ Kh6 48. Qf8+ {A very high quality and
entertaining game!} 1/2-1/2

[Event "Hoogovens"]
[Site "Wijk aan Zee"]
[Date "1990.01.??"]
[Round "7"]
[White "Anand, Viswanathan"]
[Black "Portisch, Lajos"]
[Result "0-1"]
[WhiteElo "2555"]
[BlackElo "2605"]
[Annotator "Ftacnik,L"]
[PlyCount "66"]
[EventDate "1990.01.??"]
[EventType "tourn"]
[EventRounds "13"]
[EventCountry "NED"]
[EventCategory "13"]
[SourceTitle "CBM 017"]
[Source "ChessBase"]
[SourceDate "1990.08.01"]
[SourceVersion "1"]
[SourceVersionDate "1990.08.01"]
[SourceQuality "1"]

1. d4 Nf6 2. c4 e6 3. Nc3 d5 4. Nf3 Be7 5. g3 O-O 6. Bg2 dxc4 7. O-O Nbd7 8. e4
c6 (8... c5 9. d5 exd5 10. exd5 Nb6 11. Ne5 Bd6 12. f4 Re8 $13 {Petursson,
M-Detreeuw,M/San Bernardino op/1989/}) 9. a4 a5 (9... b5 10. axb5 cxb5 11. d5
Bc5 12. dxe6 fxe6 13. e5 Ng4 14. Ne4 Bb7 15. Nfg5 $36 {King,D-Kotronias,V/
Dortmund/1989/ ->CBM 13}) (9... e5 10. dxe5 Ng4 11. Bf4 Qa5 12. Qd4 Rd8 13.
Qxc4 Ngxe5 14. Nxe5 Nxe5 15. Qb3 b6 {1/4-1/4/Ninov-Dimitrov/Stara Zagora zt-A/
1990/ ->CBM 17}) (9... b6 10. Qe2 Ba6 11. Rd1 Bb4 12. d5 cxd5 13. exd5 e5 14.
Bg5 Bxc3 15. bxc3 h6 16. Bxf6 Qxf6 17. Bh3 Nc5 $10 {Brenninkmeiejer,J-Lukacs,P/
Wijk-B/1988/}) 10. Qe2 b6 (10... Nb6 11. Rd1 Bb4 12. Ne5 Qe7 13. Be3 c5 14. Nb5
$10 {Neckar,L-Prandstetter,E/Praha Bohemians/1988/ ->CBM 08}) 11. Rd1 Ba6 12.
Bh3 (12. d5 $5) 12... Re8 13. g4 Nf8 14. Ne5 Qc7 15. f4 (15. Bf4 {/\ Bg3})
15... b5 $1 16. g5 N6d7 17. Nxd7 Nxd7 18. e5 Rad8 19. f5 (19. axb5 cxb5 20. d5
Bc5+ $132) 19... exf5 20. axb5 Bb7 $1 (20... cxb5 21. Nd5 Qc8 22. Bxf5 $40) 21.
Bxf5 cxb5 22. e6 Nf8 23. exf7+ Kxf7 24. Be4 (24. Bxh7 g6 $1 (24... Nxh7 25. g6+
Kg8 26. Qe6+ Kh8 27. Qh3 $18)) 24... Bxe4 25. Qxe4 Kg8 26. Qg2 Bb4 27. Qg3 (27.
Nxb5 Qd7 28. Nc3 Ng6 $40) 27... Qd7 28. Bf4 Ng6 29. Bc7 Rc8 30. Bxa5 Bd6 31.
Qf3 Kh8 32. h3 b4 33. Nd5 Qc6 {Ftacnik,L} 0-1

[Event "Cacak"]
[Site "Cacak"]
[Date "1996.??.??"]
[Round "1"]
[White "Paunovic, Dragan"]
[Black "Almasi, Zoltan"]
[Result "0-1"]
[WhiteElo "2495"]
[BlackElo "2655"]
[Annotator "Ftacnik,L"]
[PlyCount "94"]
[EventDate "1996.11.??"]
[EventType "tourn"]
[EventRounds "9"]
[EventCountry "YUG"]
[EventCategory "13"]
[SourceTitle "CBM 057"]
[Source "ChessBase"]
[SourceDate "1997.04.01"]
[SourceVersion "1"]
[SourceVersionDate "1997.04.01"]
[SourceQuality "1"]

1. Nf3 Nf6 2. c4 e6 3. g3 d5 4. d4 Be7 5. Bg2 O-O 6. O-O Nbd7 7. Nc3 c6 8. Qb3
b6 9. cxd5 cxd5 10. Bf4 a6 (10... Nh5 11. Bd2 Bb7 12. Rfc1 Rc8 (12... Nhf6 13.
a4 a6 14. a5 b5 15. Na2 {1/2-1/2 Davies,N-Greenfeld,A/Tel Aviv (02)/1991/}) 13.
Ne1 Nb8 14. Nd3 Nc6 15. e3 Nf6 16. Qa4 Na5 17. Ne5 a6 18. Ne2 Nc4 19. Nxc4 b5
20. Qa5 Rxc4 21. b3 Qxa5 22. Bxa5 Rxc1+ 23. Rxc1 Rc8 24. Rxc8+ Bxc8 25. Nc3 {
Romanishin,O-Saeed,S/Taxco izt (01)/1985/1-0 (83)}) 11. Ne5 (11. Rac1 b5 12. a4
b4 13. Nb1 Ne8 14. Nbd2 Bb7 15. Ne5 Nxe5 16. dxe5 a5 17. Nf3 Nc7 18. Be3 Qd7
19. Ne1 Rfc8 20. Nd3 Na6 21. Qa2 Rxc1 22. Rxc1 Rc8 23. Rxc8+ Qxc8 24. b3 {
1/2-1/2 Gligoric,S-Eliskases,E/Saltsjobaden izt (08)/1952/}) (11. Rfc1 Bb7 12.
Na4 Ne8 (12... b5 13. Bc7 Qe8 14. Nb6 Nxb6 15. Bxb6 Rc8 16. Ne5 Nd7 17. Nxd7
Qxd7 18. Bc5 Bxc5 19. dxc5 a5 20. Qd3 Rfd8 21. b3 b4 22. a3 Bc6 23. axb4 axb4
24. Qd4 Rb8 25. Ra6 {Romanishin,O-Dolmatov,S/Moscow/1985/1-0 (60)}) 13. Ne5
Nxe5 14. Bxe5 b5 15. Nc5 Bxc5 16. Rxc5 f6 17. Bf4 g5 18. Bd2 Nd6 19. Qe3 Qd7
20. Bh3 Rfe8 21. b3 Rac8 22. Rac1 Nf5 23. Qd3 Rxc5 24. Rxc5 $14 {Sibilio,
M-Rossi,G/Mendrisio op (06)/1989/1-0 (54)}) 11... Nxe5 12. Bxe5 Nd7 13. Rac1 $6
(13. Bf4 Bb7 14. Rac1 $10) 13... Nxe5 14. dxe5 b5 15. Rfd1 (15. e4 d4 16. Rfd1
Ra7 (16... Qb6 17. Ne2 Rd8 $10)) 15... Ra7 16. e3 (16. e4 d4 17. Ne2 Rd7 18.
Rd3 Qb6 $13) 16... Rc7 17. Ne2 Bd7 18. e4 Rxc1 19. Nxc1 (19. Rxc1 Qb8 20. exd5
Qxe5 21. Nc3 b4 $15) 19... Qb8 20. exd5 $6 (20. f4 Qa7+ 21. Kh1 dxe4 22. Bxe4
Rc8 23. Qf3 Qc7 $10) 20... Qxe5 21. Nd3 Qd6 22. Nf4 (22. Re1 Bf6 $15) 22... e5
23. Nd3 f5 24. a3 e4 25. Nb4 (25. Nf4 a5 $1 $15) 25... Kh8 (25... Rc8 $2 26.
Nxa6 $1 Qxa6 27. d6+ Kf8 28. dxe7+ Kxe7 29. Qb4+ Ke8 30. Qd4 Rd8 31. Qxg7 $18)
26. f3 (26. Rc1 Bf6 27. Rc2 h5 $15) 26... exf3 27. Qxf3 f4 28. g4 (28. Nd3 fxg3
29. Qxg3 Qxg3 30. hxg3 Bd6 31. Kh2 h5 32. Re1 h4 33. Ne5 hxg3+ 34. Kg1 Bf5 $17)
(28. gxf4 Rxf4 29. Qe3 Bd8 $17) 28... Bf6 29. Nd3 Bd4+ 30. Kh1 Be3 31. h3 Qf6 (
31... a5 $5 32. b4 axb4 33. axb4 Be8 $15) 32. b4 $1 Rc8 33. Rf1 Rf8 34. Nc5 {
Der starke Nc5 verbessert die Zukunftsaussichten des Pd5.} (34. Qe4 Bxg4 $6 35.
Qxe3 fxe3 36. Rxf6 Rxf6 37. hxg4 e2 38. Kg1 $16) 34... Bc8 {Strong Nc5
improves the future chances for the d5 pawn.} 35. Qe4 $2 (35. Rd1 Rd8 $13)
35... Bxg4 $1 36. Ne6 (36. hxg4 Qh4+ 37. Bh3 Qxh3#) (36. Qxe3 fxe3 37. Rxf6
Rxf6 38. hxg4 e2 39. Nd3 Rf1+ 40. Kh2 Rd1 41. Kg3 Rxd3+ 42. Kf2 Rg3 43. Bh1 Rg1
44. Kxe2 Rxh1 $19) 36... Re8 37. Re1 (37. Qxe3 fxe3 38. Rxf6 gxf6 39. hxg4 e2
$19) 37... Bxe6 38. dxe6 g6 39. Rd1 Rxe6 40. Qa8+ (40. Rd8+ $2 Qxd8 41. Qxe6
Qd1+ $19) 40... Kg7 41. Qb7+ (41. Bd5 Rd6 42. Qg8+ Kh6 $19) 41... Re7 42. Qf3 (
42. Rd7 Qa1+ $19) 42... Rc7 43. Qe4 Kh6 44. Bf3 Rc3 45. Qb7 Qh4 46. Bg2 Bf2 47.
Qd7 (47. Qxa6 Rxh3+ $19) 47... f3 (47... f3 48. Qd2+ (48. Bf1 Rxa3 $19) 48...
Be3 49. Qxc3 fxg2+ 50. Kxg2 Qf2+ 51. Kh1 Qf3+ 52. Kh2 Bf4+ 53. Kg1 Qxc3 $19)
0-1

[Event "Biel GM 48th"]
[Site "Biel"]
[Date "2015.07.24"]
[Round "5"]
[White "Wojtaszek, Radoslaw"]
[Black "Adams, Michael"]
[Result "1/2-1/2"]
[WhiteElo "2733"]
[BlackElo "2740"]
[Annotator "Ftacnik,L"]
[PlyCount "91"]
[EventDate "2015.07.20"]
[EventType "tourn"]
[EventRounds "10"]
[EventCountry "SUI"]
[EventCategory "19"]
[SourceTitle "CBM 168"]
[Source "ChessBase"]
[SourceDate "2015.09.14"]
[SourceVersion "1"]
[SourceVersionDate "2015.09.14"]
[SourceQuality "1"]

1. d4 Nf6 2. c4 e6 3. g3 d5 4. Nf3 Bb4+ 5. Bd2 Be7 {The clever idea of luring
the bishop from c1 to d2 is enjoying some popularity and creates problems for
White's ambition to get an opening advantage.} 6. Bg2 c6 7. O-O Nbd7 8. Nc3 O-O
9. Bf4 Nh5 10. Bc1 Nhf6 11. Qd3 {[%mdl 4] Wojtaszek has worked as a second for
Anand in his world championship matches and his opening knowledge
significantly grew in depth. Not too many players trust the prospects of
putting the queen on d3, but it is definitely a playable line.} b6 (11... Re8
12. Rd1 dxc4 13. Qxc4 Qa5 14. Bf4 Nb6 15. Qb3 Nbd5 16. Ne5 Nxf4 17. gxf4 Bd6
18. e3 Qd8 19. Rac1 Nd5 $11 {0-1 (41) Dzhumabayev,R (2287)-Omarov,O (2330)
Astana 2012}) 12. b3 (12. e4 Ba6 (12... Bb7 13. e5 dxc4 14. Qxc4 Nd5 15. Nxd5
cxd5 16. Qd3 Qc8 17. Re1 Ba6 18. Qd1 Qb7 19. Bg5 Bb4 20. Bd2 Be7 $11 {1-0 (78)
Ulibin,M (2565)-Tiviakov,S (2535) Mamaia 1991}) 13. b3 dxc4 $1 (13... Rc8 14.
Rd1 c5 15. exd5 exd5 16. Bb2) 14. bxc4 e5 $1 {This timely blow against the
White's centre is difficult to meet, as Black has very well located pieces. In
tournament praxis players with White have not been able to prove any advantage.
} 15. dxe5 (15. Rd1 Qc7 {Psakhis,L (2605)-Miladinovic,I (2500)/Moscow 1994/ 
(0-1, 21).} (15... exd4 {Piket,J (2605)-Polugaevsky,L (2595)/Aruba 1994/ (0-1,
33)}) (15... Bb4 16. Bb2 exd4 17. Nxd4 Ne5 18. Qc2 Qc8 19. Nf5 Re8 20. Qc1 h6
21. Ne2 Bc5 22. Nf4 Nfg4 23. Bd4 Bf8 24. h3 c5 25. Bc3 Nf6 26. Nd5 Nfd7 27. f4
$36 {Inkiov,V-Letzelter,JC/Buenos Aires olm/1978/1-0 (32)})) 15... Ng4 16. Bf4
Nc5 (16... g5 $5 17. Rad1 (17. Bh3 Ndxe5 18. Nxe5 Nxe5 19. Qxd8 Nf3+ 20. Kg2
Raxd8 21. Kxf3 gxf4 $17) (17. e6 fxe6 18. Bh3 h5) (17. Nxg5 Ngxe5 18. Qe3 Nxc4
$132 {Kouatly,B (2450)-Pfleger,H (2485)/Royan 1988/ (0-1, 34)}) 17... gxf4 18.
gxf4 $5 (18. Qxd7 Qxd7 19. Rxd7 Bb4 20. Rc1 fxg3 21. hxg3 Rfd8 $132) 18...
Ndxe5 $1 (18... Nc5 19. Qe2 $44 {[%csl Rg4][%cal Gf3d4,Gd4f5]}) 19. Nxe5 Qxd3 (
19... Nxe5 20. Qg3+ $1 $18) 20. Nxd3 Bxc4 $132) 17. Qd1 $5 (17. Qxd8 Rfxd8 18.
h3 Nh6 19. Rfd1 Bxc4 20. Nd4 Rac8 21. Bxh6 gxh6 22. Nf5 Bf8 23. Nd6 Bxd6 24.
exd6 Nd3 25. Rd2 Rxd6 26. Rad1 f6 $2 (26... b5 $13 {[%csl Gc4]}) 27. Bf1 Rcd8
28. Ne2 {1-0 (?!) Vaganian,R (2640)-Mueller,M (2375)/Germany 1995/GER-chT} Bb5
29. Nf4 Ba4 30. Bxd3 Bxd1 31. Rxd1 $14) 17... Nd3 (17... Bxc4 18. Nd4 $1 Bxf1
19. Bxf1 Re8 (19... Rc8 20. Nf5 $36 Qxd1 $2 21. Nxe7+ $18) (19... Bg5 20. Nxc6
Qxd1 21. Rxd1 Bxf4 22. gxf4 $44) 20. Nxc6 Qxd1 21. Rxd1 $44) 18. Qa4 Bc5 $5 (
18... Bb7 19. Rad1 $16) (18... Ngxf2 $5) 19. Rad1 Bxf2+ 20. Rxf2 Ngxf2 21. Rd2
Qe7 22. Be3 Ng4 23. Rxd3 Nxe3 24. Rxe3 Qc5 $44 25. Kf2 Bxc4 26. Nb1 b5 $15 {
1/2 (31) Eljanov,P (2681)-Asrian,K (2623) Kemer 2007}) (12. Rd1 Bb7 13. e4 Rc8
14. Bf4 Ba6 15. b3 c5 16. exd5 exd5 17. dxc5 dxc4 18. bxc4 Nxc5 19. Qf5 Qe8 20.
Nd5 Nxd5 21. cxd5 g6 22. Qb1 Bf6 $11 {1-0 (31) Gleizerov,E (2590)-Jurcik,M 
(2360) Banska Stiavnica 2011}) 12... Ba6 13. Rd1 {Wojtaszek is avoiding the
pitfalls of the immediate expansion in the centre with 13.e4 and supports the
queen with the rook.} (13. e4 dxc4 14. bxc4 e5) 13... c5 {The pin along the
a6-f1 diagonal makes it easier for Black to seek counterplay with central
expansion.} 14. Nb5 {It is difficult to guess in which laboratory White's idea
was cooked up, but it seems to be quite sensible.} (14. dxc5 Bxc5 15. a4 Qe7
16. a5 Rfc8 $11) 14... Bxb5 15. cxb5 a6 $5 {Adams is one of the best strategic
thinkers in the current chess world, but his mediocre tactics are preventing
his rise to the absolute top.} (15... Rc8 16. Bb2 c4 (16... Qc7 17. Rac1 $14)
17. bxc4 dxc4 18. Qc2 c3 19. Bc1 Qc7 20. e4 $14) 16. bxa6 Qc8 17. Bb2 Qxa6 18.
Qxa6 Rxa6 19. a4 Rc8 {Black has achieved a solid, promising position that has
to treated carefully due to the bishop pair in the hands of Wojtaszek.} 20.
Rdc1 (20. Rac1 Ra7 (20... c4 21. Ne5 $14) 21. Rc2 b5 22. axb5 Rb7 $11) 20...
Ne4 21. e3 Ra7 22. Bf1 (22. dxc5 bxc5 23. Nd4 Raa8 24. Bxe4 cxd4 25. Bc2 dxe3
26. fxe3 Bb4 $11) 22... f5 (22... g5 23. Bd3 f5 24. h3 Kf7 25. g4 $11) 23. Rc2
(23. Kg2 Bf6 24. Rc2 $14) 23... g5 24. dxc5 (24. Kg2 $5 Bf6 25. Rac1 Kf7 26.
Nd2 $14) 24... bxc5 {Adams' decision is very understandable from the human
point of view, but it does not mean it was the best choice. It is most likely
that recapturing with a rook would in an ideal world deserve the preference
lesving Black with equal chances.} (24... Rxc5 $5 25. Bd3 g4 26. Nd4 Kf7 $11)
25. Nd4 Kf7 26. Nb5 Raa8 27. f3 Nef6 (27... Nd6 28. Kg2 $14) 28. a5 {White is
very eager to get an advantage, but is unable to spot the surprising idea of
sacrificing the central e-pawn. The advance of a pawn is less dangerous for
Black.} (28. Be2 Nb8 29. e4 $5 Nc6 (29... dxe4 30. fxe4 Nxe4 31. Rf1 Nc6 32.
Bc4 $14) 30. exf5 exf5 31. Re1 $14) 28... g4 29. f4 Nb8 30. Be5 (30. h3 Rg8 $11
) 30... Nc6 31. Nd6+ $2 {It is slightly painful for the annotator to criticize
ambitious ideas involving fighting for an advantage, but objectively speaking
the exchange of the knight is simply wrong.} (31. Bc3 Ne4 32. a6 Bf6 33. Bxf6
Kxf6 34. a7 $11) 31... Bxd6 32. Bxd6 Ne4 (32... Rxa5 33. Rac1 Ne4 34. Bxc5 Ne5
$1 35. fxe5 Raxc5 36. Rxc5 Rxc5 37. Rb1 Nd2 38. Rb2 Nf3+ 39. Kf2 Nxe5 $17) 33.
Bxc5 Rxa5 34. Rac1 {It was somewhat better to retreat with a bishop to a3, but
White has played the whole struggle with the plan of doubling rooks.} (34. Ba3
Rca8 35. Rxc6 Rxa3 36. Rc7+ Kf6 37. Rac1 Ra1 38. b4 Rxc1 39. Rxc1 Ra3 40. b5
Rb3 $17) 34... Rb8 $2 {A painful let-down by a great player, since the best
solution in the position was of a clearly tactical nature. White would have
suffered after the witty move of the knight 34...Ne5!} (34... Ne5 $1 35. fxe5 (
35. b4 Nf3+ 36. Kh1 Ra3 $17) 35... Raxc5 36. Rxc5 Rxc5 37. Rb1 Ng5 $17) 35. Bd6
(35. b4 Nxb4 36. Bxb4 Rxb4 37. Rc7+ Kf6 38. Rxh7 Nc5 $15) 35... Nxd6 36. Rxc6
Ne8 (36... Ne4 37. Rc7+ Kf6 38. R1c6 Ra1 39. Rxh7 Nd2 40. Rcc7 Rxf1+ 41. Kg2
Rg8 42. Rh6+ Rg6 43. Rhh7 $11) 37. Rb1 Rb4 38. Ra6 $1 {White got seriously
lucky at the critical moment, as his position was truly inferior.} Rxa6 39.
Bxa6 Nd6 40. Bd3 Kf6 (40... e5 41. fxe5 Ne4 42. Rb2 Ke6 43. Bxe4 fxe4 44. Kf1
Kxe5 45. Kf2 h6 46. Ke2 $11) 41. Kf2 {The worst is over as Black will find it
difficult to make any progress.} e5 42. fxe5+ Kxe5 43. Ke2 $11 Ne4 44. Bxe4
Kxe4 45. Kf2 h6 (45... Kd3 46. Rd1+ Ke4 47. Rb1) 46. Ke2 {The opening ideas
with Qd3 might be played more often in the future, even though Black seems to
be holding on just fine.} 1/2-1/2